Psychology 98/ 99/ (Record no. 2751)
[ view plain ]
| 000 -LEADER | |
|---|---|
| fixed length control field | 00531nam a22001937a 4500 |
| 003 - CONTROL NUMBER IDENTIFIER | |
| control field | URS |
| 005 - DATE AND TIME OF LATEST TRANSACTION | |
| control field | 20220114142248.0 |
| 008 - FIXED-LENGTH DATA ELEMENTS--GENERAL INFORMATION | |
| fixed length control field | 19 s1998 a|||| |||| 00| 0 eng d |
| 020 ## - INTERNATIONAL STANDARD BOOK NUMBER | |
| International Standard Book Number | 0697391957 |
| 040 ## - CATALOGING SOURCE | |
| Transcribing agency | URS |
| Language of cataloging | eng |
| Modifying agency | rda |
| 050 10 - LIBRARY OF CONGRESS CALL NUMBER | |
| Classification number | BF 121 |
| Item number | .P9746 1998 |
| 100 ## - MAIN ENTRY--PERSONAL NAME | |
| Personal name | Dufft, Karen G. |
| 245 10 - TITLE STATEMENT | |
| Title | Psychology 98/ 99/ |
| Statement of responsibility, etc. | Karen G. Duffy |
| 250 ## - EDITION STATEMENT | |
| Edition statement | Twenthy Edition |
| 264 ## - PRODUCTION, PUBLICATION, DISTRIBUTION, MANUFACTURE, AND COPYRIGHT NOTICE | |
| Place of production, publication, distribution, manufacture | Guilford:Dushkin: |
| Name of producer, publisher, distributor, manufacturer | McGraw- Hill; |
| Date of production, publication, distribution, manufacture, or copyright notice | [1998] |
| 300 ## - PHYSICAL DESCRIPTION | |
| Extent | x, 245 pages |
| Other physical details | with illustrations |
| Dimensions | 27 cm. |
| 504 ## - BIBLIOGRAPHY, ETC. NOTE | |
| Bibliography, etc. note | Includes index |
| 942 ## - ADDED ENTRY ELEMENTS (KOHA) | |
| Source of classification or shelving scheme | Library of Congress Classification |
| Koha item type | Foreign Books |
| Withdrawn status | Source of classification or shelving scheme | Damaged status | Not for loan | Collection code | Home library | Current library | Shelving location | Date acquired | Total Checkouts | Full call number | Barcode | Date last seen | Price effective from | Koha item type |
|---|---|---|---|---|---|---|---|---|---|---|---|---|---|---|
| Library of Congress Classification | Non-fiction | Cainta College Library | Cainta College Library | On Display | 07/18/2016 | BF 121.P9746 1998 | URSCAI-945 | 07/18/2016 | 07/18/2016 | Foreign Books |